[Event "II Festival del Salento A"]
[Site "Gallipoli ITA"]
[Date "2013.05.27"]
[Round "3"]
[White "Caruso, Augusto"]
[Black "Alkhaldi, Bader"]
[WhiteElo "2272"]
[BlackElo "1997"]
[Result "1/2-1/2"]
[PlyCount "46"]
[EventDate "2013.05.25"]

1. f4 d5 2. Nf3 c5 3. e3 Nf6 4. d3 h5 5. Be2 h4 6. Ne5 Nc6 7. b3 Bf5 8. Bb2 e6
9. Bf3 Rg8 10. Nd2 Be7 11. e4 Bh7 12. Nxc6 bxc6 13. g4 Qa5 14. Qe2 c4 15. bxc4
dxe4 16. dxe4 O-O-O 17. a3 Bxe4 18. Bxe4 Nxe4 19. Qxe4 Qxd2+ 20. Kf1 Kc7 21.
Be5+ Bd6 22. c5 Bxe5 23. Qxe5+ Kd7 1/2-1/2

[Event "II Festival del Salento A"]
[Site "Gallipoli ITA"]
[Date "2013.05.27"]
[Round "3"]
[White "Dedijer, Mira"]
[Black "Sansonetti, Giorgio"]
[WhiteElo "1980"]
[BlackElo "2113"]
[Result "1/2-1/2"]
[PlyCount "28"]
[EventDate "2013.05.25"]

1. e4 c5 2. c4 g6 3. g3 Bg7 4. Bg2 Nc6 5. Ne2 e6 6. O-O Nge7 7. Nbc3 O-O 8. d3
d6 9. Rb1 f5 10. a3 Nd4 11. Nxd4 cxd4 12. Ne2 Rb8 13. b4 a5 14. Qb3 Kh8 1/2-1/2

[Event "II Festival del Salento A"]
[Site "Gallipoli ITA"]
[Date "2013.05.27"]
[Round "3"]
[White "Dedijer, Sanja"]
[Black "Paolillo, Gaia"]
[WhiteElo "2018"]
[BlackElo "1903"]
[Result "1-0"]
[PlyCount "77"]
[EventDate "2013.05.25"]

1. d4 d5 2. c4 e6 3. Nc3 Nf6 4. cxd5 exd5 5. Bg5 c6 6. e3 Be7 7. Bd3 Ne4 8. Bf4
Nxc3 9. bxc3 Bd6 10. Qf3 Qe7 11. Ne2 Bxf4 12. Qxf4 Nd7 13. Qg3 O-O 14. O-O Nf6
15. Qh4 g6 16. c4 dxc4 17. Bxc4 Be6 18. Bd3 Rfe8 19. Nf4 Bd5 20. Nxd5 cxd5 21.
Rac1 Rec8 22. Bb1 Kg7 23. Qf4 Rc6 24. Rxc6 bxc6 25. g4 h6 26. h4 a5 27. Kg2 Ra7
28. Rc1 Rb7 29. Bd3 Rb2 30. Rxc6 Rxa2 31. Rc7 Qe6 32. g5 hxg5 33. hxg5 Qg4+ 34.
Qxg4 Nxg4 35. Kf3 Nxf2 36. Bb1 Rb2 37. Rc5 Nd1 38. Bd3 Rb3 39. Ke2 1-0

[Event "II Festival del Salento A"]
[Site "Gallipoli ITA"]
[Date "2013.05.27"]
[Round "3"]
[White "Gutierrez, Leonela"]
[Black "Al Hamlan, Faisal"]
[WhiteElo "2090"]
[BlackElo "1968"]
[Result "1-0"]
[PlyCount "117"]
[EventDate "2013.05.25"]

1. e4 c5 2. Nf3 d6 3. d4 cxd4 4. Nxd4 Nf6 5. Nc3 g6 6. Be3 Bg7 7. f3 a6 8. Qd2
Nc6 9. Bc4 Bd7 10. h4 h5 11. O-O-O b5 12. Bb3 Na5 13. Kb1 Rc8 14. Bg5 Nc4 15.
Bxc4 Rxc4 16. Nb3 O-O 17. e5 Nh7 18. exd6 Nxg5 19. dxe7 Qxe7 20. Qxd7 Qxd7 21.
Rxd7 Ne6 22. Nd5 Nf4 23. Nd2 Nxd5 24. Rxd5 Rc6 25. Ne4 Re8 26. c3 f5 27. Nd6
Rc7 28. Nxe8 Re7 29. Nxg7 Kxg7 30. Rhd1 Re2 31. R5d2 Re7 32. Kc2 Re6 33. Kb3
Kf6 34. a4 bxa4+ 35. Kxa4 g5 36. hxg5+ Kxg5 37. c4 Rb6 38. c5 Rc6 39. b4 Rc7
40. Rd6 Re7 41. R1d2 Re1 42. Rxa6 Kf4 43. Kb5 h4 44. c6 h3 45. gxh3 Kxf3 46.
Ra3+ Kf4 47. Kb6 Re7 48. b5 Kg5 49. Kc5 Re5+ 50. Rd5 Re6 51. Rd7 Re8 52. c7
Re5+ 53. Kc6 Re6+ 54. Kb7 Re8 55. b6 f4 56. Kc6 Re6+ 57. Rd6 Re7 58. Rd8 Re8
59. Rxe8 1-0

[Event "II Festival del Salento A"]
[Site "Gallipoli ITA"]
[Date "2013.05.27"]
[Round "3"]
[White "Klein, Gernot"]
[Black "De Giorgi, Stefano"]
[WhiteElo "1888"]
[BlackElo "2102"]
[Result "1/2-1/2"]
[PlyCount "124"]
[EventDate "2013.05.25"]

1. e4 e6 2. Qe2 b6 3. Nf3 d6 4. g3 Bb7 5. Bg2 Nf6 6. d3 h6 7. O-O e5 8. c3 Be7
9. Nh4 Nbd7 10. Nf5 Bf8 11. d4 g6 12. Nh4 Qe7 13. Nd2 O-O-O 14. a4 Nh5 15. a5
Nf4 16. Qc4 Nxg2 17. Nxg2 d5 18. exd5 Nb8 19. axb6 axb6 20. Ne3 exd4 21. cxd4
h5 22. Nf3 h4 23. Nxh4 Rxh4 24. gxh4 Qxh4 25. Qe2 Qh7 26. Bd2 Bd6 27. f3 Re8
28. Qg2 Qh8 29. Rfc1 Qxd4 30. Qg4+ Qxg4+ 31. fxg4 Bc5 32. Rxc5 bxc5 33. Rc1 Nd7
34. Kg2 Bxd5+ 35. Kg3 Bb7 36. h4 Nf6 37. Kf4 Ne4 38. Be1 Nd6 39. Bf2 c4 40. h5
g5+ 41. Kg3 Ne4+ 42. Kg2 c3 43. bxc3 Nxc3+ 44. Kh2 Ne4 45. Nf5 Rd8 46. Be3 f6
47. h6 Kb8 48. Rh1 Nd6 49. Nxd6 cxd6 50. Rf1 Re8 51. Bd4 Re2+ 52. Rf2 Rxf2+ 53.
Bxf2 Be4 54. Bd4 Kc8 55. Bxf6 Kd7 56. Bxg5 Ke6 57. Kg3 Bg6 58. Bd2 Kf7 59. Kf4
d5 60. Bc3 Kg8 61. Kg5 Kh7 62. Bd4 Bc2 1/2-1/2

[Event "II Festival del Salento A"]
[Site "Gallipoli ITA"]
[Date "2013.05.27"]
[Round "3"]
[White "Korneev, Oleg"]
[Black "Piscopo, Pierluigi"]
[WhiteElo "2630"]
[BlackElo "2393"]
[Result "1/2-1/2"]
[PlyCount "104"]
[EventDate "2013.05.25"]

1. e4 c5 2. Nf3 Nc6 3. d4 cxd4 4. Nxd4 e5 5. Nb5 d6 6. N1c3 a6 7. Na3 b5 8. Nd5
Nf6 9. Bg5 Be7 10. Bxf6 Bxf6 11. c3 O-O 12. Nc2 Rb8 13. Be2 Bg5 14. O-O a5 15.
Qd3 b4 16. c4 Be6 17. Rfd1 Rc8 18. b3 Bxd5 19. Qxd5 Nd4 20. Nxd4 exd4 21. Qf5
Bf6 22. Bd3 g6 23. Qg4 a4 24. f4 Ra8 25. Re1 axb3 26. axb3 Ra3 27. Rab1 Ra2 28.
c5 dxc5 29. e5 Bg7 30. Re2 Qa5 31. h4 Ra1 32. Rbe1 Rxe1+ 33. Rxe1 Qa2 34. Qd1
Bh6 35. Re2 Qa3 36. g3 Ra8 37. Kg2 Qa1 38. Qxa1 Rxa1 39. Rc2 Bf8 40. Kf3 Be7
41. g4 Rh1 42. Bc4 Rh3+ 43. Kg2 Rxh4 44. Kg3 h5 45. g5 Rh1 46. e6 Re1 47. exf7+
Kg7 48. Ra2 Re3+ 49. Kf2 Re4 50. Kf3 Re3+ 51. Kf2 Re4 52. Kf3 Re3+ 1/2-1/2

[Event "II Festival del Salento A"]
[Site "Gallipoli ITA"]
[Date "2013.05.27"]
[Round "3"]
[White "Mastrolonardo, Francesco"]
[Black "Fasiello, Andrea"]
[WhiteElo "1912"]
[BlackElo "1988"]
[Result "1/2-1/2"]
[PlyCount "37"]
[EventDate "2013.05.25"]

1. e4 e5 2. Nf3 Nf6 3. Nxe5 d6 4. Nf3 Nxe4 5. Nc3 Nf6 6. d4 Be7 7. Bd3 O-O 8.
h3 Re8 9. O-O Nbd7 10. Bf4 Nf8 11. Qd2 Ng6 12. Bh2 Bd7 13. Rfe1 Bf8 14. Rxe8
Qxe8 15. Re1 Qd8 16. d5 a6 17. Bc4 Qc8 18. Re3 Ne7 19. Ne4 1/2-1/2

[Event "II Festival del Salento A"]
[Site "Gallipoli ITA"]
[Date "2013.05.27"]
[Round "3"]
[White "Messina, Roberta"]
[Black "Schmitz, Manuela"]
[WhiteElo "1998"]
[BlackElo "2027"]
[Result "1-0"]
[PlyCount "93"]
[EventDate "2013.05.25"]

1. c4 e6 2. g3 Nf6 3. Bg2 d5 4. Nf3 Be7 5. b3 O-O 6. Bb2 c5 7. O-O Nc6 8. e3 b6
9. Qe2 Bb7 10. Rd1 Qc7 11. d3 Rad8 12. Nc3 Rfe8 13. Rab1 Qb8 14. Ne1 Rd7 15. f4
d4 16. Ne4 Nxe4 17. dxe4 Red8 18. Qg4 Bf8 19. Nd3 dxe3 20. Qe2 Qc8 21. Bc3 Nb4
22. Ne5 Rxd1+ 23. Rxd1 Rxd1+ 24. Qxd1 Nxa2 25. Bb2 Nb4 26. Ng4 e2 27. Qxe2 Qd8
28. Bf1 Nc6 29. Bg2 Nd4 30. Qd3 f5 31. Nf2 Be7 32. Bxd4 Qxd4 33. Qxd4 cxd4 34.
e5 Bxg2 35. Kxg2 Kf7 36. Kf3 Ke8 37. Ke2 Kd7 38. Kd3 Kc6 39. Nh3 Kc5 40. Ng1
Kb4 41. Nf3 Bc5 42. Ng5 Kxb3 43. Nxe6 Bb4 44. Nxd4+ Ka4 45. Nc6 a5 46. Nxb4
Kxb4 47. e6 1-0

[Event "II Festival del Salento A"]
[Site "Gallipoli ITA"]
[Date "2013.05.27"]
[Round "3"]
[White "Minerba, Paolo"]
[Black "Rothebarth De Paula, Ana Vitoria"]
[WhiteElo "1874"]
[BlackElo "2006"]
[Result "0-1"]
[PlyCount "92"]
[EventDate "2013.05.25"]

1. e4 e5 2. Nf3 Nc6 3. Bc4 Bc5 4. c3 Nf6 5. d4 exd4 6. e5 d5 7. Bb5 Ne4 8. cxd4
Bb4+ 9. Bd2 Bxd2+ 10. Nbxd2 Bd7 11. O-O O-O 12. Re1 Nxd2 13. Qxd2 Nxe5 14. Nxe5
Bxb5 15. Qb4 c6 16. a4 Ba6 17. Qc3 f6 18. Nf3 Qd7 19. Re3 Rfe8 20. Rae1 Kf7 21.
Nd2 Rxe3 22. Qxe3 Re8 23. Qxe8+ Qxe8 24. Rxe8 Kxe8 25. f3 Kd7 26. Kf2 b6 27.
Ke3 Kd6 28. Nb1 Bc4 29. Nd2 a5 30. b3 Ba6 31. Nb1 c5 32. Nc3 Kc6 33. g3 b5 34.
axb5+ Bxb5 35. dxc5 Kxc5 36. Na2 d4+ 37. Kd2 Bc6 38. f4 Bb5 39. g4 Kd5 40. Nc1
Ke4 41. f5 Kf4 42. h3 Kg3 43. Nd3 Bxd3 44. Kxd3 Kxh3 45. Kxd4 Kxg4 46. Kc5 h5
0-1

[Event "II Festival del Salento A"]
[Site "Gallipoli ITA"]
[Date "2013.05.27"]
[Round "3"]
[White "Naumkin, Igor"]
[Black "Rudolf, Anna"]
[WhiteElo "2453"]
[BlackElo "2289"]
[Result "1/2-1/2"]
[PlyCount "57"]
[EventDate "2013.05.25"]

1. d4 d5 2. c4 e6 3. Nf3 Nf6 4. Bg5 Be7 5. e3 h6 6. Bh4 O-O 7. Nc3 b6 8. Rc1
Bb7 9. Bd3 dxc4 10. Bxc4 Ne4 11. Bg3 Nxc3 12. bxc3 Nd7 13. O-O Bd6 14. Qe2 Bxg3
15. fxg3 Nf6 16. Ne5 Qe7 17. Rf4 Nd7 18. Nxd7 Qxd7 19. Rcf1 Rad8 20. Bd3 e5 21.
Rf5 exd4 22. cxd4 Bd5 23. g4 Be6 24. R5f4 Qd5 25. Bb1 Qc4 26. Qf3 Qd5 27. Qe2
Qc4 28. Qf3 Qd5 29. Qe2 1/2-1/2

[Event "II Festival del Salento A"]
[Site "Gallipoli ITA"]
[Date "2013.05.27"]
[Round "3"]
[White "Ortega Ruiz, Jose' Miguel"]
[Black "Valsecchi, Alessio"]
[WhiteElo "2346"]
[BlackElo "2429"]
[Result "1/2-1/2"]
[PlyCount "43"]
[EventDate "2013.05.25"]

1. d4 Nf6 2. c4 c5 3. d5 b5 4. Nf3 g6 5. cxb5 a6 6. e3 axb5 7. Bxb5 Qa5+ 8. Nc3
Ba6 9. Bxa6 Qxa6 10. e4 d6 11. e5 dxe5 12. Nxe5 Bg7 13. Qd3 O-O 14. O-O Qxd3
15. Nxd3 Nbd7 16. Re1 Nb6 17. Be3 Nbxd5 18. Nxd5 Nxd5 19. Bxc5 Rfc8 20. Bxe7
Nxe7 21. Rxe7 Bxb2 22. Nxb2 1/2-1/2

[Event "II Festival del Salento A"]
[Site "Gallipoli ITA"]
[Date "2013.05.27"]
[Round "3"]
[White "Pizzuto, Samuele Tullio"]
[Black "Quaranta, Cristiano"]
[WhiteElo "2099"]
[BlackElo "2172"]
[Result "1/2-1/2"]
[PlyCount "22"]
[EventDate "2013.05.25"]

1. e4 e6 2. b3 d5 3. Bb2 Nf6 4. e5 Nfd7 5. f4 c5 6. Nf3 Nc6 7. c4 d4 8. g3 b6
9. Bg2 Bb7 10. Qe2 Qc7 11. d3 O-O-O 1/2-1/2

[Event "II Festival del Salento A"]
[Site "Gallipoli ITA"]
[Date "2013.05.27"]
[Round "3"]
[White "Ranfagni, Stefano"]
[Black "Schiappoli, Dario"]
[WhiteElo "1994"]
[BlackElo "1930"]
[Result "1-0"]
[PlyCount "68"]
[EventDate "2013.05.25"]

1. e4 c5 2. Nc3 Nc6 3. f4 g6 4. Nf3 Bg7 5. Bb5 Nd4 6. Bc4 e6 7. a4 Ne7 8. e5 d5
9. exd6 Qxd6 10. d3 a6 11. Ne4 Qc7 12. c3 Nxf3+ 13. Qxf3 Bd7 14. Qf2 b6 15. O-O
O-O 16. Bd2 Nc6 17. Bb3 Rfd8 18. Qh4 Be8 19. Bc2 Qe7 20. Qh3 f5 21. Ng5 h6 22.
Nf3 Bf7 23. Rae1 Re8 24. g4 Qd8 25. Qg2 Rc8 26. gxf5 exf5 27. Rxe8+ Qxe8 28.
Re1 Qd8 29. Ne5 Nxe5 30. fxe5 Kh7 31. e6 Be8 32. Qg3 Qd5 33. Kf2 Bf6 34. Qh3 g5
1-0

[Event "II Festival del Salento A"]
[Site "Gallipoli ITA"]
[Date "2013.05.27"]
[Round "3"]
[White "Tania, Sachdev"]
[Black "Horvath, Csaba"]
[WhiteElo "2408"]
[BlackElo "2516"]
[Result "1/2-1/2"]
[PlyCount "36"]
[EventDate "2013.05.25"]

1. d4 g6 2. c4 Bg7 3. e4 c5 4. d5 d6 5. Ne2 e6 6. Nbc3 exd5 7. cxd5 Nf6 8. f3
O-O 9. Ng3 h5 10. Bg5 Qb6 11. Qd2 Nh7 12. Bh4 f6 13. Nge2 f5 14. exf5 Bxf5 15.
Ng3 Nd7 16. Be2 Rae8 17. Nxf5 gxf5 18. O-O a6 1/2-1/2

[Event "II Festival del Salento A"]
[Site "Gallipoli ITA"]
[Date "2013.05.27"]
[Round "3"]
[White "Wynarczyk, Raymond"]
[Black "Schmitz, Andreas Arnold"]
[WhiteElo "1959"]
[BlackElo "2059"]
[Result "1/2-1/2"]
[PlyCount "56"]
[EventDate "2013.05.25"]

1. e4 e5 2. Nf3 Nc6 3. d4 exd4 4. Nxd4 Bc5 5. Be3 Nxd4 6. Bxd4 Bxd4 7. Qxd4 Qf6
8. e5 Qb6 9. Qxb6 axb6 10. Nc3 Ne7 11. Bd3 O-O 12. O-O Ra5 13. f4 Nd5 14. Nxd5
Rxd5 15. Rad1 g6 16. Be4 Rxd1 17. Rxd1 f6 18. Bd5+ Kg7 19. exf6+ Rxf6 20. g3 c6
21. Bg2 d5 22. Rd4 Bf5 23. c4 dxc4 24. Rxc4 Rd6 25. Rb4 c5 26. Rb3 Rd1+ 27. Kf2
Rd2+ 28. Kg1 Rd1+ 1/2-1/2

[Event "II Festival del Salento A"]
[Site "Gallipoli ITA"]
[Date "2013.05.27"]
[Round "4"]
[White "Al Hajiri, Bader"]
[Black "Callier, Christophe"]
[WhiteElo "2019"]
[BlackElo "2102"]
[Result "1-0"]
[PlyCount "69"]
[EventDate "2013.05.25"]

1. e4 e6 2. d4 d5 3. Nc3 Bb4 4. e5 c5 5. a3 Bxc3+ 6. bxc3 Qc7 7. Qg4 Ne7 8.
Qxg7 Rg8 9. Qxh7 cxd4 10. Ne2 Nbc6 11. f4 dxc3 12. Qd3 d4 13. Nxd4 Nxd4 14.
Qxd4 Bd7 15. Be3 Nf5 16. Qc5 Qxc5 17. Bxc5 b6 18. Bf2 Bc6 19. O-O-O Ke7 20. Rg1
Rg4 21. g3 Rh8 22. h3 Rgg8 23. g4 Nh4 24. Bxh4+ Rxh4 25. Rd3 Rhh8 26. Rxc3 Rc8
27. Ba6 Rc7 28. Rd1 Rd8 29. Rxd8 Kxd8 30. h4 b5 31. Bxb5 Bxb5 32. Rxc7 Kxc7 33.
h5 Bc6 34. h6 Be4 35. f5 1-0

[Event "II Festival del Salento A"]
[Site "Gallipoli ITA"]
[Date "2013.05.27"]
[Round "4"]
[White "Chernukhin, Alexander"]
[Black "Ranfagni, Stefano"]
[WhiteElo "2091"]
[BlackElo "1994"]
[Result "1/2-1/2"]
[PlyCount "46"]
[EventDate "2013.05.25"]

1. Nf3 e6 2. g3 d5 3. Bg2 f5 4. d4 Bd6 5. O-O Nf6 6. c4 c6 7. Qc2 O-O 8. Ne1
Qe7 9. Nd3 Nbd7 10. Nd2 b6 11. Nf3 Bb7 12. Bf4 Ne4 13. a3 Rac8 14. Bxd6 Qxd6
15. cxd5 exd5 16. b4 c5 17. Qb2 c4 18. Nde5 Nxe5 19. Nxe5 Rfe8 20. f4 Ba6 21.
Bxe4 dxe4 22. Qc3 Bb7 23. e3 Bd5 1/2-1/2

[Event "II Festival del Salento A"]
[Site "Gallipoli ITA"]
[Date "2013.05.27"]
[Round "4"]
[White "Dedijer, Mira"]
[Black "Pizzuto, Samuele Tullio"]
[WhiteElo "1980"]
[BlackElo "2099"]
[Result "1-0"]
[PlyCount "75"]
[EventDate "2013.05.25"]

1. e4 Nc6 2. d4 e5 3. Nf3 exd4 4. Nxd4 Bb4+ 5. c3 Bc5 6. Bc4 d6 7. O-O Ne5 8.
Bb3 Ne7 9. Kh1 O-O 10. f4 Ng4 11. Qf3 Ng6 12. f5 N6e5 13. Qg3 Kh8 14. Bf4 Nf6
15. Nd2 Nh5 16. Qh3 Nxf4 17. Rxf4 Qf6 18. Rh4 h6 19. g4 Bxd4 20. cxd4 Nd3 21.
Rf1 Qg5 22. Nb1 Nf4 23. Qg3 Ne2 24. Qf2 Nxd4 25. h3 Nxb3 26. axb3 Qf6 27. Rh5
Kg8 28. Nc3 c6 29. g5 hxg5 30. Rg1 g6 31. Rhxg5 Kg7 32. R1g3 Rh8 33. Qg2 Rh6
34. Ne2 Bd7 35. Nf4 Rah8 36. Nxg6 Rxh3+ 37. Rxh3 Rxh3+ 38. Qxh3 1-0

[Event "II Festival del Salento A"]
[Site "Gallipoli ITA"]
[Date "2013.05.27"]
[Round "4"]
[White "Fasiello, Andrea"]
[Black "Cammarota, Vittorio"]
[WhiteElo "1988"]
[BlackElo "1884"]
[Result "1-0"]
[PlyCount "73"]
[EventDate "2013.05.25"]

1. e4 c6 2. d4 d5 3. exd5 cxd5 4. c3 Nf6 5. Bf4 Nc6 6. Nf3 e6 7. Bd3 Bd6 8.
Bxd6 Qxd6 9. Nbd2 O-O 10. O-O Re8 11. Re1 a6 12. Ne5 b5 13. a3 Bb7 14. f4 Ne7
15. g4 Ng6 16. Qf3 Nd7 17. Qg3 Ndf8 18. Rf1 Rad8 19. Rae1 f6 20. Nxg6 hxg6 21.
g5 f5 22. Nf3 Nd7 23. Re3 Bc8 24. Rfe1 Kf7 25. Nh4 Nf8 26. Be2 Qb6 27. Nf3 Nd7
28. Bd1 a5 29. h4 b4 30. Ba4 Re7 31. Bxd7 Bxd7 32. Ne5+ Ke8 33. Nxg6 Rf7 34.
Ne5 Re7 35. Qf3 bxc3 36. Qh5+ Kf8 37. Qh8# 1-0

[Event "II Festival del Salento A"]
[Site "Gallipoli ITA"]
[Date "2013.05.27"]
[Round "4"]
[White "Horvath, Csaba"]
[Black "Ortega Ruiz, Jose' Miguel"]
[WhiteElo "2516"]
[BlackElo "2346"]
[Result "1-0"]
[PlyCount "87"]
[EventDate "2013.05.25"]

1. d4 Nf6 2. c4 g6 3. Nc3 Bg7 4. e4 d6 5. Be2 O-O 6. Bg5 a6 7. Qd2 c5 8. d5 Re8
9. Nf3 Bg4 10. O-O Nfd7 11. h3 Bxf3 12. Bxf3 Be5 13. Be2 Nf6 14. Bd3 Qa5 15.
Qc2 Bxc3 16. bxc3 Nbd7 17. a4 Kg7 18. f4 Qc7 19. Qf2 Ng8 20. Bh4 Rf8 21. Bg3 f6
22. Kh1 a5 23. Qc2 b6 24. Be2 Nh6 25. Bh2 Rh8 26. Rf2 Raf8 27. Raf1 Rhg8 28. g4
Nf7 29. h4 h6 30. Bd3 g5 31. e5 dxe5 32. Bh7 Kh8 33. Bxg8 Rxg8 34. hxg5 hxg5
35. fxe5 Ndxe5 36. Bxe5 Qxe5 37. Re2 Qg3 38. Rh2+ Kg7 39. Rh7+ Kf8 40. Qf5 Qd6
41. Qc8+ Nd8 42. Re1 Rg7 43. Rh8+ Kf7 44. Kg2 1-0

[Event "II Festival del Salento A"]
[Site "Gallipoli ITA"]
[Date "2013.05.27"]
[Round "4"]
[White "Klein, Gernot"]
[Black "Gutierrez, Leonela"]
[WhiteElo "1888"]
[BlackElo "2090"]
[Result "0-1"]
[PlyCount "50"]
[EventDate "2013.05.25"]

1. e4 c5 2. Nf3 d6 3. d4 cxd4 4. Nxd4 Nf6 5. Nc3 a6 6. Be3 e6 7. f3 b5 8. Qd2
Bb7 9. g4 Nfd7 10. O-O-O Nb6 11. Nb3 Nc4 12. Bxc4 bxc4 13. Nc5 Bc6 14. Bf4 d5
15. Be3 Qa5 16. Qf2 Be7 17. exd5 exd5 18. Nxd5 Bxd5 19. Rxd5 Qxa2 20. Kd1 O-O
21. c3 Nc6 22. f4 Bxc5 23. Rxc5 Qb1+ 24. Bc1 Rad8+ 25. Ke2 Qd3+ 0-1

[Event "II Festival del Salento A"]
[Site "Gallipoli ITA"]
[Date "2013.05.27"]
[Round "4"]
[White "O'Leary, Matt"]
[Black "Dedijer, Sanja"]
[WhiteElo "1932"]
[BlackElo "2018"]
[Result "0-1"]
[PlyCount "82"]
[EventDate "2013.05.25"]

1. d4 d5 2. Nf3 c6 3. e3 Bg4 4. Be2 e6 5. O-O Nf6 6. h3 Bh5 7. Nbd2 Nbd7 8. c4
Bd6 9. b3 O-O 10. Bb2 Qe7 11. Rc1 Rfe8 12. c5 Bc7 13. Ne5 Bxe2 14. Qxe2 Nxe5
15. dxe5 Nd7 16. b4 Bxe5 17. Nf3 Bxb2 18. Qxb2 Qf6 19. Qe2 a6 20. a4 e5 21.
Rfd1 Qe7 22. Qc2 h6 23. Qb2 Qe6 24. Qc2 f5 25. Qd2 Qf6 26. Qc3 f4 27. Rf1 e4
28. Qxf6 Nxf6 29. Nd4 Nh5 30. Nf5 Kh7 31. Kh2 g5 32. g4 Ng7 33. Nd6 Re7 34. h4
Kg6 35. Kh3 Rd7 36. Rce1 Ne8 37. Nf5 h5 38. Nd4 hxg4+ 39. Kxg4 Nf6+ 40. Kh3 Rh8
41. exf4 Rxh4+ 0-1

[Event "II Festival del Salento A"]
[Site "Gallipoli ITA"]
[Date "2013.05.27"]
[Round "4"]
[White "Paolillo, Gaia"]
[Black "Bernabei, Alberto"]
[WhiteElo "1903"]
[BlackElo "1968"]
[Result "1-0"]
[PlyCount "139"]
[EventDate "2013.05.25"]

1. e4 c5 2. Nf3 d6 3. d4 cxd4 4. Qxd4 Nc6 5. Bb5 Bd7 6. Bxc6 Bxc6 7. Nc3 Nf6 8.
Bg5 e6 9. O-O-O Be7 10. Rhe1 Qa5 11. Kb1 O-O 12. Qd2 Kh8 13. Nd4 Rfd8 14. f4
Rac8 15. f5 e5 16. Bxf6 Bxf6 17. Nb3 Qc7 18. Qe2 b5 19. Nd5 Bxd5 20. Rxd5 a6
21. g4 Qc4 22. Qxc4 Rxc4 23. c3 h6 24. Na5 Rc7 25. Red1 Be7 26. a3 Kg8 27. Ka2
Kf8 28. Kb3 Ke8 29. c4 bxc4+ 30. Nxc4 Rb8+ 31. Kc3 Rbc8 32. b3 f6 33. Kb4 Rb8+
34. Ka4 Rbc8 35. Nxd6+ Bxd6 36. Rxd6 Rc2 37. R1d2 R2c3 38. R6d3 Rc1 39. Re3 Ke7
40. b4 R8c6 41. Ka5 Ra1 42. Red3 Rc8 43. Rd7+ Kf8 44. Rd8+ Rxd8 45. Rxd8+ Ke7
46. Rd3 Re1 47. Kxa6 Rxe4 48. b5 Ra4+ 49. Kb7 e4 50. Rc3 Kd7 51. b6 Rd4 52. Kb8
Rd3 53. Rc4 e3 54. a4 Rd5 55. Rc1 e2 56. Re1 Ra5 57. Rxe2 Rxa4 58. h3 Ra3 59.
Rc2 Rb3 60. b7 Rd3 61. Rc7+ Kd8 62. h4 h5 63. gxh5 Rf3 64. h6 gxh6 65. Rf7 Rh3
66. Rxf6 Rxh4 67. Rf7 Rf4 68. f6 Ke8 69. Rc7 Kd8 70. f7 1-0

[Event "II Festival del Salento A"]
[Site "Gallipoli ITA"]
[Date "2013.05.27"]
[Round "4"]
[White "Piscopo, Pierluigi"]
[Black "Naumkin, Igor"]
[WhiteElo "2393"]
[BlackElo "2453"]
[Result "1/2-1/2"]
[PlyCount "29"]
[EventDate "2013.05.25"]

1. e4 e6 2. d4 d5 3. Nc3 Nf6 4. e5 Nfd7 5. f4 c5 6. Nf3 Nc6 7. Be3 a6 8. Qd2 b5
9. Be2 Bb7 10. O-O cxd4 11. Nxd4 Nxd4 12. Bxd4 Qc7 13. Bf3 Bc5 14. Ne2 O-O 15.
Rae1 1/2-1/2

[Event "II Festival del Salento A"]
[Site "Gallipoli ITA"]
[Date "2013.05.27"]
[Round "4"]
[White "Quaranta, Cristiano"]
[Black "Vargas, Gabriela"]
[WhiteElo "2172"]
[BlackElo "2057"]
[Result "1/2-1/2"]
[PlyCount "68"]
[EventDate "2013.05.25"]

1. d4 d5 2. c4 c6 3. Nf3 Nf6 4. Qc2 e6 5. g3 Be7 6. Bg2 O-O 7. Nbd2 b6 8. O-O
Bb7 9. e4 dxe4 10. Nxe4 Nxe4 11. Qxe4 Nd7 12. Rd1 Nf6 13. Qe2 Qc8 14. Bg5 h6
15. Bxf6 Bxf6 16. c5 Ba6 17. Qc2 Rb8 18. b3 bxc5 19. Qxc5 Rb5 20. Qc2 c5 21.
Bf1 Ra5 22. Qd2 Bxf1 23. Qxa5 Be2 24. Ne5 Bxd1 25. Rxd1 Rd8 26. Rc1 Rxd4 27.
Rxc5 Qb7 28. Nc6 Rd1+ 29. Kg2 Bd4 30. Rc2 Bb6 31. Qc3 Qa6 32. Qc4 Qb7 33. Qc3
Qa6 34. Qc4 Qb7 1/2-1/2

[Event "II Festival del Salento A"]
[Site "Gallipoli ITA"]
[Date "2013.05.27"]
[Round "4"]
[White "Rothebarth De Paula, Ana Vitoria"]
[Black "Caruso, Augusto"]
[WhiteElo "2006"]
[BlackElo "2272"]
[Result "0-1"]
[PlyCount "74"]
[EventDate "2013.05.25"]

1. e4 e6 2. f4 d5 3. e5 c5 4. Nf3 Qb6 5. c3 Nh6 6. Na3 Bd7 7. Nc2 Nf5 8. g4 Ne7
9. Bg2 h5 10. h3 d4 11. d3 Nbc6 12. c4 a5 13. Rb1 Nb4 14. a3 Nxc2+ 15. Qxc2 a4
16. O-O hxg4 17. hxg4 Ng6 18. Qf2 Be7 19. g5 Bc6 20. Nd2 Bxg2 21. Qxg2 Nh4 22.
Qg4 Nf5 23. Ne4 Qb3 24. Qd1 Rh3 25. Qxb3 axb3 26. Kf2 Rxd3 27. Rh1 O-O-O 28.
Ke2 Rg3 29. Nxg3 Nxg3+ 30. Kf3 Nxh1 31. Kg2 Rh8 32. f5 exf5 33. Bf4 Kd7 34.
Rxh1 Rxh1 35. Kxh1 Ke6 36. Kg2 Bd8 37. Kf3 Bc7 0-1

[Event "II Festival del Salento A"]
[Site "Gallipoli ITA"]
[Date "2013.05.27"]
[Round "4"]
[White "Rudolf, Anna"]
[Black "Korneev, Oleg"]
[WhiteElo "2289"]
[BlackElo "2630"]
[Result "1/2-1/2"]
[PlyCount "68"]
[EventDate "2013.05.25"]

1. e4 c5 2. Nf3 e6 3. d4 cxd4 4. Nxd4 Nf6 5. Nc3 d6 6. Be2 a6 7. O-O Be7 8. Be3
O-O 9. f4 Qc7 10. a4 Nc6 11. Kh1 Re8 12. Qd2 Bd7 13. Nb3 Na5 14. Nxa5 Qxa5 15.
Bf3 e5 16. f5 Rac8 17. g4 Rxc3 18. bxc3 Bc6 19. g5 Nxe4 20. Qg2 d5 21. c4 Nc3
22. cxd5 Nxd5 23. Bd2 Qc5 24. f6 Bd6 25. Be4 g6 26. Rae1 Re6 27. Re2 Qc4 28.
Rfe1 h5 29. Qf3 Kf8 30. Qd3 Qxd3 31. cxd3 Bc5 32. a5 Ke8 33. Kg2 Kd7 34. Kg3
Bd4 1/2-1/2

[Event "II Festival del Salento A"]
[Site "Gallipoli ITA"]
[Date "2013.05.27"]
[Round "4"]
[White "Sansonetti, Giorgio"]
[Black "Messina, Roberta"]
[WhiteElo "2113"]
[BlackElo "1998"]
[Result "1/2-1/2"]
[PlyCount "132"]
[EventDate "2013.05.25"]

1. d4 d5 2. Nc3 Nf6 3. Bg5 Nbd7 4. Nf3 c6 5. g3 Qa5 6. Bd2 Qc7 7. Bg2 e5 8.
dxe5 Nxe5 9. Nxe5 Qxe5 10. O-O Bg4 11. Bf4 Qe6 12. Qd4 Nh5 13. e4 dxe4 14. Rfe1
Be7 15. Rxe4 Qd7 16. Be3 Qxd4 17. Bxd4 Be6 18. f4 O-O-O 19. Bxa7 Nf6 20. Re2
Bb4 21. Na4 Bg4 22. Rf2 Rhe8 23. c3 Bf8 24. Nb6+ Kc7 25. Nc4 Nd7 26. Bd4 f6 27.
b4 Be6 28. Bf1 b6 29. Rb2 b5 30. Na5 Nb6 31. Bxb6+ Kxb6 32. a3 g5 33. Re1 gxf4
34. Rbe2 Bf7 35. gxf4 Bh6 36. Re7 Rb8 37. c4 c5 38. cxb5 cxb4 39. axb4 Rxe7 40.
Rxe7 Bg8 41. f5 Bd2 42. Nc6 Ra8 43. Rd7 Ra2 44. Rd8 Be3+ 45. Kh1 Bf7 46. Rd3
Bf4 47. Rd4 Rf2 48. Bg2 Be3 49. Rd1 Kxb5 50. Nd8 Bc4 51. Rb1 Bd3 52. Bc6+ Kc4
53. Re1 Rf1+ 54. Rxf1 Bxf1 55. b5 Kb4 56. Ne6 Bxb5 57. Bxb5 Kxb5 58. Kg2 Kc4
59. Kf3 Bg1 60. h3 Kd5 61. Kg4 Ke4 62. Nf4 Be3 63. Nh5 Ke5 64. h4 Bf2 65. Ng7
Be1 66. Nh5 Bxh4 1/2-1/2